000 00353nam a2200133Ia 4500
008 240624s9999 xx 000 0 und d
041 _aeng
082 _a338.52 McK
100 _aMCKENZIE RICHARD B
245 _aWHY POPCORN COSTS SO MUCH AT THE MOVIES
260 _c2008
_aNew York
_bSpringer
300 _axv, : 326 : p. : cm. ; 24
365 _cERU
_b28
999 _c21384
_d21384